| 000 | 00703nam a2200229 a 4500 | ||
|---|---|---|---|
| 999 |
_c8642 _d8642 |
||
| 001 | 8642 | ||
| 003 | BD-JhCC | ||
| 005 | 20180228172656.0 | ||
| 008 | 171010s2011 b |||| |||| 000 0 be d | ||
| 020 | _a98430000006587 | ||
| 035 | _a(BD-JhCC)8642 | ||
| 040 |
_aBD-JhCC _dBD-JhCC |
||
| 041 | _aben | ||
| 082 |
_a891.4409 _bGAN 2011 |
||
| 100 | _aগঙ্গোপাধ্যায়, সুনীল | ||
| 245 |
_aকিশোরসমগ্র ১ / _c সুনীল গঙ্গোপাধ্যায় |
||
| 260 |
_aঢাকা , _bবাংলা প্রকাশ , _c২০১১. |
||
| 300 |
_a335p. ; _c21cm. |
||
| 650 | _aCollection of work | ||
| 942 |
_2ddc _cBK |
||